01323cam a22003735a 4500003000900000005001700009008004100026020001500067020002200082020001800104020001500122040004300137041001300180082002100193100005300214245008800267250002000355264006000375300002400435336002600459337002800485338002700513490002600540546006000566650005600626651001000682653002300692655002400715700003300739700003900772942001200811999001500823952011100838EG-ScBUE20220315140157.0081221s2004 ua f 000 f eng d a0385264593 a0385264607 (pbk.) a9789774241604 a9774241606 aEG-ScBUEbengerdacEG-ScBUEdEG-ScBUE1 aenghara04a892.736bMAH2221 aMaḥfūẓ, Najīb,‏ d1911-2006,eauthor.14aThe search /cNaguib Mahfouz ; translated by Mohamed Islam ; edited by Magdi Wahba. aSixth printing. 1aCairo :bThe American University in Cairo Press,c2004. a133 pages ;c22 cm. 2rdacontentatextbtxt 2rdamediaaunmediatedbn 2rdacarrieravolumebnc0 aModern Arabic writing aText in English ; translated from the original Arabic.  72BUEsha Arabic fictionxTranslations into English.  2BUEsh bARALITcAugust2015 vReading book9342321 aWahba, Magdi,91514eeditor.1 aIslam, Mohamed,91515etranslator. cBB2ddc c2677d2677 00102ddc40708 aMAINbMAINc2NDd2007-03-26epurchaseo892.736 MAHp000001812r2025-07-15 00:00:00yBB